[Event "Gran Canaria Vecindario op 1st"]
[Site "Gran Canaria"]
[Date "2023.11.04"]
[Round "4"]
[White "Gilardone, Adriano"]
[Black "Reinoso Andre, Lazaro Javier"]
[Result "1-0"]
[WhiteElo "2071"]
[BlackElo "1643"]
[PlyCount "51"]
[EventDate "2023.11.04"]
[EventType "swiss"]
[EventRounds "9"]
[EventCountry "ESP"]
[SourceTitle "CB46_2023"]
[SourceDate "2023.11.15"]
[SourceVersion "1"]
[SourceVersionDate "2023.11.15"]
[SourceQuality "1"]

1. e4 c5 2. c3 Nc6 3. d4 cxd4 4. cxd4 e6 5. Nf3 Nf6 6. Nc3 Bb4 7. Bd3 d5 8. e5 Ne4 9. Qc2 Nxc3 10. bxc3 Be7 11. a4 Bd7 12. 0-0 Rc8 13. Bxh7 Nb4 14. Qb1 Rxc3 15. Bd2 Rc4 16. a5 Nc6 17. Bd3 Nxd4 18. Bxc4 Nxf3+ 19. gxf3 dxc4 20. Qxb7 Bc5 21. Bf4 f6 22. Rfd1 fxe5 23. Bxe5 Qg5+ 24. Bg3 Qe7 25. Rxd7 Qxd7 26. Qa8+ 1-0

[Event "Canarias-chT Honor"]
[Site "Spain"]
[Date "2020.03.07"]
[Round "7.2"]
[White "Gilardone, Adriano"]
[Black "Perez Guerra, Raul"]
[Result "0-1"]
[WhiteElo "2103"]
[BlackElo "2101"]
[PlyCount "74"]
[EventDate "2020.01.11"]
[EventType "team-tourn"]
[EventRounds "9"]
[EventCountry "ESP"]
[SourceTitle "CBM 195 Extra"]
[Source "ChessBase"]
[SourceDate "2020.05.31"]
[SourceVersion "1"]
[SourceVersionDate "2020.05.31"]
[SourceQuality "1"]
[WhiteTeam "Fundacion La Caja de Canarias"]
[BlackTeam "Guia"]
[WhiteTeamCountry "ESP"]
[BlackTeamCountry "ESP"]

1. e4 e6 2. d4 d5 3. exd5 exd5 4. Nc3 c6 5. Bd3 Bd6 6. Nge2 Qf6 7. Be3 Ne7 8. Qd2 Bf5 9. Ng3 Bxd3 10. Qxd3 h5 11. 0-0-0 h4 12. Nge2 Nd7 13. g3 Ng6 14. Na4 0-0-0 15. Rhg1 Rde8 16. Kb1 Qf3 17. Nc1 Nf6 18. Bf4 Qxd3 19. Nxd3 Nxf4 20. gxf4 g6 21. Nac5 b6 22. Nb3 Re4 23. c3 Nh5 24. Rg4 Nxf4 25. Nd2 Nxd3 26. Nxe4 dxe4 27. Rf1 Bxh2 28. Rxe4 Bd6 29. Kc2 Nf4 30. Rh1 h3 31. c4 h2 32. Re3 Nh3 33. Rf3 Ng5 34. Re3 Rh4 35. Kd3 Rg4 36. Re8+ Kd7 37. Rh8 Nf3 0-1

[Event "Lodi op"]
[Site "Lodi"]
[Date "2006.06.11"]
[Round "9"]
[White "Schmitz, Manuela"]
[Black "Gilardone, Adriano"]
[Result "1/2-1/2"]
[WhiteElo "2042"]
[BlackElo "2145"]
[PlyCount "143"]
[EventDate "2006.06.05"]
[EventType "swiss"]
[EventRounds "9"]
[EventCountry "ITA"]
[SourceTitle "CBM 112 Extra"]
[Source "ChessBase"]
[SourceDate "2006.07.14"]
[SourceVersion "1"]
[SourceVersionDate "2006.07.14"]
[SourceQuality "1"]

1. d4 e6 2. Nf3 d5 3. c4 c6 4. cxd5 exd5 5. Nc3 f5 6. Bg5 Be7 7. Bxe7 Qxe7 8. e3 f4 9. Qd2 fxe3 10. fxe3 Bf5 11. Bd3 Bxd3 12. Qxd3 Nf6 13. 0-0 Nbd7 14. a3 0-0 15. Rae1 Rae8 16. Qc2 Qd8 17. Qb3 Qb6 18. Qxb6 Nxb6 19. Ne5 Re7 20. Rf3 Rfe8 21. h3 Nfd7 22. Nxd7 Nxd7 23. Re2 Nb6 24. Kf2 Nc4 25. Na4 b6 26. Nc3 b5 27. Nb1 a5 28. b3 Nb6 29. Nd2 Nc8 30. Re1 Re6 31. Rc1 g6 32. Rc5 Nd6 33. g4 Kg7 34. Ke2 Nb7 35. Rc1 Ra8 36. Rcf1 Nd6 37. Rc1 Nf7 38. Rc5 a4 39. b4 Rae8 40. Rc1 Ng5 41. Rg3 Kf6 42. Rf1+ Ke7 43. Kd3 Rf6 44. Rxf6 Kxf6 45. Ke2 Ke6 46. h4 Ne4 47. Rf3 Nd6 48. Rf4 h5 49. g5 Kd7 50. Rf6 Nf5 51. Nf3 Rxe3+ 52. Kf2 Rxa3 53. Ne5+ Ke8 54. Re6+ Kf8 55. Rf6+ Ke8 56. Re6+ Kd8 57. Nxc6+ Kc7 58. Rxg6 Nxh4 59. Rf6 Rb3 60. Ne7 a3 61. Nxd5+ Kd8 62. g6 Nxg6 63. Rxg6 Rd3 64. Rd6+ Kc8 65. Ra6 Rxd4 66. Nc3 Rxb4 67. Nxb5 Rxb5 68. Rxa3 Kd7 69. Kg3 Ke6 70. Rf3 Rb4 71. Kh3 Ke5 72. Rf8 1/2-1/2

[Event "Lodi op 1st"]
[Site "Lodi"]
[Date "2005.06.12"]
[Round "4"]
[White "Gilardone, Adriano"]
[Black "Polat, Cihan"]
[Result "1-0"]
[WhiteElo "2105"]
[BlackElo "2179"]
[PlyCount "89"]
[EventDate "2005.06.10"]
[EventType "swiss"]
[EventRounds "5"]
[EventCountry "ITA"]
[SourceTitle "EXT 2007"]
[Source "ChessBase"]
[SourceDate "2006.11.23"]
[SourceVersion "1"]
[SourceVersionDate "2006.11.23"]
[SourceQuality "1"]

1. e4 c5 2. c3 d5 3. exd5 Qxd5 4. d4 cxd4 5. cxd4 Nc6 6. Nf3 e6 7. Nc3 Qd8 8. Bd3 Nf6 9. a3 Be7 10. 0-0 0-0 11. b4 b6 12. Re1 a6 13. Bf4 Bb7 14. Rc1 Rc8 15. Bb1 Re8 16. Qd3 g6 17. h3 Nd5 18. Nxd5 Qxd5 19. Qd2 Qd7 20. Qe3 Red8 21. Rcd1 b5 22. Be4 Bf6 23. Ne5 Qc7 24. Ng4 Bg7 25. Bg5 f6 26. Bh6 Bxh6 27. Nxh6+ Kg7 28. Ng4 f5 29. Bxc6 fxg4 30. Qe5+ Kg8 31. Bxb7 Qxb7 32. Qxe6+ Qf7 33. Qxg4 Rc2 34. Re2 Rc3 35. Qh4 Re8 36. Rde1 Rxe2 37. Rxe2 Rc1+ 38. Kh2 Rc7 39. Qe4 Kg7 40. Qe5+ Kg8 41. d5 Rd7 42. d6 h5 43. Rc2 Qf5 44. Qe8+ Kg7 45. Qxd7+ 1-0

[Event "Lodi op 1st"]
[Site "Lodi"]
[Date "2005.06.10"]
[Round "1"]
[White "Martinez, Rolly"]
[Black "Gilardone, Adriano"]
[Result "1-0"]
[WhiteElo "2414"]
[BlackElo "2105"]
[PlyCount "64"]
[EventDate "2005.06.10"]
[EventType "swiss"]
[EventRounds "5"]
[EventCountry "ITA"]
[SourceTitle "EXT 2007"]
[Source "ChessBase"]
[SourceDate "2006.11.23"]
[SourceVersion "1"]
[SourceVersionDate "2006.11.23"]
[SourceQuality "1"]

1. e4 e5 2. Nf3 d5 3. Nxe5 Bd6 4. d4 dxe4 5. Nc4 Nc6 6. Nc3 Nf6 7. Bg5 Bf5 8. Qd2 h6 9. Nxd6+ Qxd6 10. Nb5 Qd7 11. Bxf6 gxf6 12. d5 a6 13. dxc6 Qxd2+ 14. Kxd2 0-0-0+ 15. Ke3 axb5 16. cxb7+ Kxb7 17. Bxb5 Rhg8 18. g3 Rd6 19. Rhd1 Rb6 20. Bc4 Rxb2 21. Bxf7 Rg7 22. Bb3 Re7 23. Kd4 e3 24. Kc3 Rxb3+ 25. axb3 exf2 26. Rd2 Bg4 27. Rxf2 f5 28. Ra5 Rf7 29. Rf4 h5 30. Rb4+ Kc6 31. Rc4+ Kd7 32. Rxc7+ Kxc7 1-0

[Event "Crema op 05th"]
[Site "Crema"]
[Date "2003.09.07"]
[Round "5"]
[White "Bonazzi, Edoardo"]
[Black "Gilardone, Adriano"]
[Result "1-0"]
[WhiteElo "2130"]
[BlackElo "1837"]
[PlyCount "129"]
[EventDate "2003.09.05"]
[EventType "swiss"]
[EventRounds "6"]
[EventCountry "ITA"]
[SourceTitle "EXT 2007"]
[Source "ChessBase"]
[SourceDate "2006.11.23"]
[SourceVersion "1"]
[SourceVersionDate "2006.11.23"]
[SourceQuality "1"]

1. c4 f5 2. Nc3 e6 3. g3 Nf6 4. Bg2 d5 5. d4 c6 6. b3 Bd6 7. Nh3 0-0 8. 0-0 Nbd7 9. Bf4 Qe7 10. Bxd6 Qxd6 11. Rc1 Ne4 12. Qd3 Ndf6 13. f3 Nxc3 14. Qxc3 Bd7 15. e3 Rae8 16. Nf4 e5 17. dxe5 Qxe5 18. Qxe5 Rxe5 19. cxd5 cxd5 20. Kf2 Rfe8 21. Rc3 g5 22. Ne2 Bb5 23. Re1 Bxe2 24. Rxe2 f4 25. Bf1 R8e7 26. exf4 Rxe2+ 27. Bxe2 gxf4 28. Rc8+ Kg7 29. Rd8 a6 30. gxf4 Kg6 31. Bd3+ Kh6 32. Bf5 Kg7 33. Rd6 Kf7 34. Rb6 Nh5 35. Bc8 Nxf4 36. Rxb7 Nd3+ 37. Kg3 Nc1 38. a3 d4 39. Rxe7+ Kxe7 40. Kf4 Kd6 41. b4 Kd5 42. Bxa6 Nb3 43. Bd3 h6 44. a4 Nc1 45. Bb5 Na2 46. a5 Nxb4 47. a6 Kc5 48. a7 Nd5+ 49. Ke5 Nc7 50. Bd3 Na8 51. Be4 Nb6 52. a8Q Nxa8 53. Bxa8 d3 54. f4 d2 55. Bf3 Kc4 56. f5 Kd3 57. f6 Ke3 58. Bd1 Kf2 59. f7 h5 60. Bxh5 Kg2 61. f8Q Kxh2 62. Qf2+ Kh3 63. Bf3 d1Q 64. Qg2+ Kh4 65. Qg4# 1-0

[Event "Crema op 04th"]
[Site "Crema"]
[Date "2002.09.08"]
[Round "5"]
[White "Gaeta, Antonio Angelo"]
[Black "Gilardone, Adriano"]
[Result "0-1"]
[WhiteElo "1510"]
[BlackElo "1729"]
[PlyCount "49"]
[EventDate "2002.09.06"]
[EventType "swiss"]
[EventRounds "6"]
[EventCountry "ITA"]
[SourceTitle "EXT 2007"]
[Source "ChessBase"]
[SourceDate "2006.11.23"]
[SourceVersion "1"]
[SourceVersionDate "2006.11.23"]
[SourceQuality "1"]

1. d4 Nf6 2. Nf3 d5 3. h3 e6 4. Bg5 Bd6 5. e3 0-0 6. Bd3 Nbd7 7. 0-0 c5 8. c3 a6 9. Bxf6 Nxf6 10. Nbd2 Qb6 11. b3 Qc7 12. Qe2 Bd7 13. e4 dxe4 14. Nxe4 Nd5 15. c4 Nf4 16. Qd2 cxd4 17. Nxd4 Be5 18. Bc2 Bxd4 19. Rad1 e5 20. g3 Nxh3+ 21. Kh2 Rad8 22. Nf6+ Kh8 23. Qd3 g6 24. Qf3 Ng5 25. Qd5 0-1

[Event "Crema op 04th"]
[Site "Crema"]
[Date "2002.09.06"]
[Round "2"]
[White "Gilardone, Adriano"]
[Black "Dragojlovic, Andjelko"]
[Result "1/2-1/2"]
[WhiteElo "1729"]
[BlackElo "2351"]
[PlyCount "113"]
[EventDate "2002.09.06"]
[EventType "swiss"]
[EventRounds "6"]
[EventCountry "ITA"]
[SourceTitle "EXT 2007"]
[Source "ChessBase"]
[SourceDate "2006.11.23"]
[SourceVersion "1"]
[SourceVersionDate "2006.11.23"]
[SourceQuality "1"]

1. e4 c5 2. Nf3 g6 3. c3 Bg7 4. d4 cxd4 5. cxd4 d5 6. exd5 Nf6 7. Bb5+ Nbd7 8. Nc3 0-0 9. 0-0 Nb6 10. h3 a6 11. Bd3 Nbxd5 12. Re1 b5 13. Bg5 Bb7 14. Rc1 Qd6 15. Ne4 Nxe4 16. Bxe4 e6 17. Qd2 Rfc8 18. Bh6 Bh8 19. Ne5 Rxc1 20. Rxc1 Bxe5 21. dxe5 Qxe5 22. Bxd5 Qxd5 23. Qxd5 Bxd5 24. b3 b4 25. Rc5 a5 26. f3 a4 27. Rb5 f6 28. Rxb4 axb3 29. axb3 Ra1+ 30. Kh2 Kf7 31. h4 Rb1 32. Rb8 Rb2 33. Kg3 e5 34. Rf8+ Ke7 35. Bg7 Rxb3 36. Rxf6 e4 37. Rf4 Bb7 38. Bd4 Rd3 39. Bc5+ Ke6 40. Kf2 Rc3 41. Bd4 Rc2+ 42. Ke3 exf3 43. gxf3 Rg2 44. Bg7 Bd5 45. Rf6+ Ke7 46. Rf4 Bc6 47. Bf8+ Ke6 48. Bg7 Ra2 49. Rf6+ Kd5 50. Bh6 Ra4 51. Bf4 Ra2 52. Rf7 Ra3+ 53. Ke2 Kd4 54. Rxh7 Bxf3+ 55. Kf2 Bd5 56. Bg5 Ra2+ 57. Ke1 1/2-1/2